| 000 | 00559nam a2200169 i 4500 | ||
|---|---|---|---|
| 001 | 28320 | ||
| 003 | ES-MaACL | ||
| 005 | 20230906153829.0 | ||
| 007 | t| | ||
| 008 | 030117s1865 sp ||||1| spa d | ||
| 100 | 1 |
_aBadioli, Lorenzo. _924561 |
|
| 245 | 1 | 0 |
_aMétodo para el estudio del francés, explicado con reglas, ejemplos y temas y aumentado con una nota de locuciones francesas / _cLorenzo Badioli. |
| 260 |
_aMadrid : _b[s.n.], _c1865. |
||
| 300 |
_a160 p. ; _c23 cm. |
||
| 650 | 0 | 4 |
_aLengua francesa- _vMétodos. _914225 |
| 852 |
_aES-MaACL _jT-258-F-2 |
||
| 999 |
_c28320 _d28320 |
||